[Event "Bayern-ch Seniors 18th"]
[Site "Schloss Schney"]
[Date "2006.06.30"]
[Round "6"]
[White "Baessler, Arwed"]
[Black "Wanner, Georges"]
[Result "1-0"]
[WhiteElo "1751"]
[BlackElo "1593"]
[PlyCount "47"]
[EventDate "2006.06.25"]
[EventType "swiss"]
[EventRounds "9"]
[EventCountry "GER"]
[SourceTitle "EXT 2007"]
[Source "ChessBase"]
[SourceDate "2006.11.23"]
[SourceVersion "1"]
[SourceVersionDate "2006.11.23"]
[SourceQuality "1"]

1. d4 Nf6 2. c3 g6 3. e3 Bg7 4. Bd3 0-0 5. f4 d6 6. Nf3 Nbd7 7. 0-0 c5 8. e4 Nb6 9. Qe2 Bg4 10. h3 Bd7 11. Be3 Qc7 12. Nbd2 Nh5 13. Kh2 e6 14. Rg1 Rae8 15. Qf2 c4 16. Bc2 e5 17. g3 Qc8 18. fxe5 dxe5 19. g4 Nf4 20. Nxe5 Bxe5 21. dxe5 Nd3 22. Bxd3 cxd3 23. Bh6 Rxe5 24. Qf6 1-0

[Event "Bayern-ch Seniors 18th"]
[Site "Schloss Schney"]
[Date "2006.06.27"]
[Round "3"]
[White "Wanner, Georges"]
[Black "Eckstein, Luise"]
[Result "1-0"]
[WhiteElo "1593"]
[BlackElo "1092"]
[PlyCount "93"]
[EventDate "2006.06.25"]
[EventType "swiss"]
[EventRounds "9"]
[EventCountry "GER"]
[SourceTitle "EXT 2007"]
[Source "ChessBase"]
[SourceDate "2006.11.23"]
[SourceVersion "1"]
[SourceVersionDate "2006.11.23"]
[SourceQuality "1"]

1. e4 d5 2. exd5 Nf6 3. Bb5+ Bd7 4. Bc4 c6 5. Nc3 Bg4 6. f3 Bf5 7. dxc6 Nxc6 8. g4 Bg6 9. Nge2 h6 10. d4 e6 11. a3 Be7 12. Be3 Nd5 13. Nxd5 exd5 14. Bd3 Bxd3 15. Qxd3 Bh4+ 16. Ng3 Bxg3+ 17. hxg3 Ne7 18. 0-0-0 a6 19. Rh5 Qd6 20. Rh3 Qg6 21. Qxg6 Nxg6 22. g5 h5 23. Rdh1 Ke7 24. Rxh5 Rag8 25. f4 Ke6 26. g4 f5 27. gxf6 Kxf6 28. Rxh8 Rxh8 29. Rxh8 Nxh8 30. Kd2 g6 31. Kd3 Nf7 32. c4 dxc4+ 33. Kxc4 Nd6+ 34. Kd3 b5 35. Bd2 Nc4 36. Bc3 Nd6 37. d5+ Kf7 38. b3 Ke8 39. Kd4 Kd7 40. Ke5 Ne8 41. f5 gxf5 42. gxf5 Ng7 43. Bb4 Nh5 44. f6 Ke8 45. d6 Ng3 46. f7+ Kxf7 47. d7 1-0

[Event "Bayern-ch Seniors 17th"]
[Site "Schloss Schney"]
[Date "2005.06.15"]
[Round "6"]
[White "Wanner, Georges"]
[Black "Conitz, Helmut"]
[Result "0-1"]
[WhiteElo "1341"]
[BlackElo "1451"]
[PlyCount "126"]
[EventDate "2005.06.10"]
[EventType "swiss"]
[EventRounds "9"]
[EventCountry "GER"]
[SourceTitle "EXT 2006"]
[Source "ChessBase"]
[SourceDate "2005.11.24"]
[SourceVersion "1"]
[SourceVersionDate "2005.11.24"]
[SourceQuality "1"]

1. e4 e5 2. Bc4 Nf6 3. d3 d5 4. exd5 Nxd5 5. Qh5 Nc6 6. Nc3 Bb4 7. Bd2 Be6 8. Nge2 0-0 9. a3 Be7 10. Ne4 Qd7 11. h3 Nf6 12. Qf3 Bxc4 13. dxc4 Rad8 14. 0-0-0 Nd4 15. Nxf6+ Bxf6 16. Nxd4 exd4 17. Bb4 Rfe8 18. Rd3 b6 19. Rhd1 c5 20. Bd2 Qe6 21. b3 Qc8 22. Qg4 Qc6 23. Re1 Rxe1+ 24. Bxe1 h6 25. Bd2 Qe6 26. Qxe6 fxe6 27. g4 e5 28. f3 Re8 29. Be1 e4 30. fxe4 Rxe4 31. Bg3 Bg5+ 32. Kb2 Re8 33. Bc7 Be3 34. Bd6 Kf7 35. Bc7 Kg6 36. Rd1 Rf8 37. Bd6 Rf7 38. Re1 Rf3 39. Rh1 Bf4 40. Be7 Be5 41. h4 d3+ 42. Kc1 Bf4+ 43. Kd1 d2 44. g5 Rf2 45. h5+ Kf7 46. gxh6 gxh6 47. Bh4 Rg2 48. Bd8 Ke6 49. Rf1 Kf5 50. Bc7 Rg4 51. Rxf4+ Rxf4 52. Bxf4 Kxf4 53. Kxd2 Kg5 54. Ke2 Kxh5 55. Kf2 Kg4 56. Kg2 Kf4 57. c3 Ke3 58. b4 Kd3 59. b5 Kxc3 60. a4 Kxc4 61. Kf3 Kb4 62. Ke3 Kxa4 63. Kd3 Kxb5 0-1

[Event "Wch Seniors 13th"]
[Site "Bad Zwischenahn"]
[Date "2003.??.??"]
[Round "?"]
[White "Wanner, Georges"]
[Black "Frauenfelder, Rudolf"]
[Result "0-1"]
[WhiteElo "1680"]
[BlackElo "1925"]
[PlyCount "80"]
[EventDate "2003.11.16"]
[EventType "swiss"]
[EventRounds "11"]
[EventCountry "GER"]
[SourceTitle "CBM 097 Extra"]
[Source "ChessBase"]
[SourceDate "2004.01.13"]
[SourceVersion "1"]
[SourceVersionDate "2004.01.13"]
[SourceQuality "1"]

1. e4 c5 2. Nf3 Nc6 3. d4 cxd4 4. Nxd4 g6 5. Be3 Nf6 6. f3 Bg7 7. Nc3 0-0 8. Qd2 d5 9. 0-0-0 dxe4 10. Kb1 Nxd4 11. Bxd4 exf3 12. gxf3 Bf5 13. Qf2 Qa5 14. Bc4 Rfd8 15. Bb3 b6 16. h4 e5 17. Be3 Qb4 18. Bd2 Qe7 19. Bg5 Rxd1+ 20. Rxd1 Qe8 21. Bxf6 Bxf6 22. Nd5 Bg7 23. Qd2 Qf8 24. h5 Kh8 25. hxg6 Bxg6 26. Rh1 Rc8 27. Rd1 Qc5 28. Qc3 Qf8 29. Qe3 Rd8 30. Qe2 Qc5 31. Nc3 Rxd1+ 32. Qxd1 h5 33. Ne4 Qd4 34. Qh1 f5 35. Ng5 e4 36. c3 Qe3 37. Nf7+ Kh7 38. Qf1 exf3 39. Qxf3 f4+ 40. Bc2 Qe1+ 0-1